Pocket guide to telecommunication and information technology (Record no. 612571)

000 -LEADER
fixed length control field 00410nam a22001337a 4500
020 ## - INTERNATIONAL STANDARD BOOK NUMBER
International Standard Book Number 0766801175
040 ## - CATALOGING SOURCE
Transcribing agency Nust
082 ## - DEWEY DECIMAL CLASSIFICATION NUMBER
Classification number 621.382
Author Mark AJA
100 ## - MAIN ENTRY--PERSONAL NAME
Personal name Aisha Ajayi
9 (RLIN) 127446
245 ## - TITLE STATEMENT
Title Pocket guide to telecommunication and information technology
260 ## - PUBLICATION, DISTRIBUTION, ETC.
Place of publication, distribution, etc. New York:
Name of publisher, distributor, etc. Delmar publisher,
Date of publication, distribution, etc. 1999.
650 ## - SUBJECT ADDED ENTRY--TOPICAL TERM
Topical term or geographic name entry element Pocket guide to telecommunication and information technology
9 (RLIN) 127447
942 ## - ADDED ENTRY ELEMENTS (KOHA)
Source of classification or shelving scheme
Koha item type Book

No items available.

© 2023 Central Library, National University of Sciences and Technology. All Rights Reserved.